| Tag |
First Indicator |
Second Indicator |
Subfields |
| LEADER |
00000cam a2200000 4500 |
| 001 |
in00000016947 |
| 005 |
20151007053335.0 |
| 008 |
781207s1906 enk b 00110 eng d |
| 035 |
|
|
|a (OCoLC)04429400
|
| 035 |
|
|
|9 AAB1287AM
|
| 040 |
|
|
|a CLE
|c CLE
|d m.c.
|d TXA
|d UtOrBLW
|
| 049 |
|
|
|a TXAM
|v 1 [A12610046]
|v 2 [A12610096]
|v 3 [A12610143]
|v 4 [A12610193]
|
| 050 |
|
4 |
|a PJ7715
|b .L3 1906
|
| 130 |
0 |
|
|a Arabian nights.
|
| 245 |
1 |
4 |
|a The thousand and one nights ;
|b the Arabian Nights' entertainments /
|c translated by Edward William Lane; edited by Stanley Lane-Poole.
|
| 264 |
|
1 |
|a London :
|b Bell,
|c 1906.
|
| 300 |
|
|
|a 4 volumes
|
| 336 |
|
|
|a text
|b txt
|2 rdacontent
|
| 337 |
|
|
|a unmediated
|b n
|2 rdamedia
|
| 338 |
|
|
|a volume
|b nc
|2 rdacarrier
|
| 500 |
|
|
|a Spine title: Lane's Arabian nights.
|
| 504 |
|
|
|a Includes bibliographies and index.
|
| 700 |
1 |
|
|a Lane, Edward William,
|e translator.
|
| 700 |
1 |
|
|a Lane-Poole, Stanley,
|d 1854-1931.
|
| 740 |
0 |
2 |
|a Arabian Nights' entertainments.
|
| 740 |
0 |
2 |
|a Lane Arabian Nights.
|
| 999 |
|
|
|a MARS
|
| 999 |
f |
f |
|s 63c7178e-a8a1-3b3f-bc2b-e3719b9d3560
|i deda0579-a006-3945-86fd-e6a715a8a148
|t 0
|
| 952 |
f |
f |
|p ric
|a Texas A&M University
|b Rellis Campus
|c Joint Library Facility
|s JLF
|d Remote Storage
|t 0
|e PJ7715 .L3 1906
|h Library of Congress classification
|i unmediated -- volume
|k v.2
|m A14812610096
|
| 952 |
f |
f |
|p ric
|a Texas A&M University
|b Rellis Campus
|c Joint Library Facility
|s JLF
|d Remote Storage
|t 0
|e PJ7715 .L3 1906
|h Library of Congress classification
|i unmediated -- volume
|k v.1
|m A14812610046
|
| 952 |
f |
f |
|p ric
|a Texas A&M University
|b Rellis Campus
|c Joint Library Facility
|s JLF
|d Remote Storage
|t 0
|e PJ7715 .L3 1906
|h Library of Congress classification
|i unmediated -- volume
|k v.4
|m A14812610193
|
| 952 |
f |
f |
|p ric
|a Texas A&M University
|b Rellis Campus
|c Joint Library Facility
|s JLF
|d Remote Storage
|t 0
|e PJ7715 .L3 1906
|h Library of Congress classification
|i unmediated -- volume
|k v.3
|m A14812610143
|
| 998 |
f |
f |
|a PJ7715 .L3 1906
|s v.1-v.4
|t 0
|l Remote Storage
|